La guerra global de clases (Registro nro. 111982)

Detalles MARC
000 -LEADER
campo de control de longitud fija 02272nam a2200541 i 4500
001 - NÚMERO DE CONTROL
campo de control MOR01000112320
003 - IDENTIFICADOR DE NÚMERO DE CONTROL
campo de control $$amxcmmo
005 - FECHA Y HORA DE LA ÚLTIMA TRANSACCIÓN
campo de control 20260410104212.0
008 - DATOS DE LONGITUD FIJA--INFORMACIÓN GENERAL
campo de control de longitud fija 240717t20082006cmm g bi 000 0 spa d
020 ## - NÚMERO INTERNACIONAL ESTÁNDAR DEL LIBRO
Número Internacional Estándar del Libro 9685720800
035 ## - NÚMERO DE CONTROL DEL SISTEMA
Número de control de sistema 240591
040 ## - FUENTE DE CATALOGACIÓN
Centro catalogador/agencia de origen mxcmmo
Lengua de catalogación spa
Centro/agencia transcriptor mxcmmo
Normas de descripción rda
041 1# - CÓDIGO DE IDIOMA
Código de lengua del texto/banda sonora o título independiente spa
Código de lengua original eng
043 ## - CÓDIGO DE ÁREA GEOGRÁFICA
Código de área geográfica n------
045 ## - PERIODO DE TIEMPO DEL CONTENIDO
Código de periodo de tiempo x7y0
082 04 - NÚMERO DE LA CLASIFICACIÓN DECIMAL DEWEY
Número de clasificación 305.5
Número de ítem FAU.g
100 1# - ENTRADA PRINCIPAL--NOMBRE DE PERSONA
Nombre de persona Faux, Jeff
Término indicativo de función/relación autor
9 (RLIN) 203846
240 14 - TÍTULO UNIFORME
Título uniforme The global class war : how America´s bipartisan elite lost our future and what it will take to win in back
245 13 - MENCIÓN DEL TÍTULO
Título La guerra global de clases
Resto del título : cómo nos robaron el futuro las élites de Estados Unidos, Canadá y México y qué hacer para recuperarlo/
Mención de responsabilidad, etc. Jeff Faux ; traducción de Pilar Castro Gómez
250 ## - MENCION DE EDICION
Mención de edición Primera edición en español
264 #1 - PRODUCCIÓN, PUBLICACIÓN, DISTRIBUCIÓN, FABRICACIÓN Y COPYRIGHT
Producción, publicación, distribución, fabricación y copyright Ciudad de México:
Nombre del de productor, editor, distribuidor, fabricante Universidad Autónoma de la Ciudad de México,
Fecha de producción, publicación, distribución, fabricación o copyright 2008
264 #4 - PRODUCCIÓN, PUBLICACIÓN, DISTRIBUCIÓN, FABRICACIÓN Y COPYRIGHT
Producción, publicación, distribución, fabricación y copyright ©2006
300 ## - DESCRIPCIÓN FÍSICA
Extensión 528 páginas;
Dimensiones 21 cm
336 ## - TIPO DE CONTENIDO
Término de tipo de contenido texto
Código de tipo de contenido txt
Fuente rdacontent
337 ## - TIPO DE MEDIO
Nombre/término del tipo de medio sin medio
Código del tipo de medio n
Fuente rdamedia
338 ## - TIPO DE SOPORTE
Nombre/término del tipo de soporte volumen
Código del tipo de soporte nc
Fuente rdacarrier
490 0# - MENCIÓN DE SERIE
Mención de serie Otras voces
504 ## - NOTA DE BIBLIOGRAFÍA, ETC.
Nota de bibliografía, etc. Nota Incluye referencias bibliográficas al final de cada capítulo, e índice
534 ## - NOTA SOBRE LA VERSIÓN ORIGINAL
Frase introductoria Título original:
Mención de título del original The global class war : how America´s bipartisan elite lost our future and what it will take to win in back
541 0# - NOTA DE FUENTE DE ADQUISICIÓN DIRECTA
Fuente de adquisición RT Información Asociados
Forma de adquisición Compra
650 #7 - PUNTO DE ACCESO ADICIONAL DE MATERIA--TÉRMINO DE MATERIA
Término de materia o nombre geográfico como elemento de entrada Clases sociales
Subdivisión geográfica América del Norte
9 (RLIN) 203847
650 #7 - PUNTO DE ACCESO ADICIONAL DE MATERIA--TÉRMINO DE MATERIA
Término de materia o nombre geográfico como elemento de entrada Elite (Ciencias sociales)
Subdivisión geográfica América del Norte
9 (RLIN) 203848
650 #7 - PUNTO DE ACCESO ADICIONAL DE MATERIA--TÉRMINO DE MATERIA
Término de materia o nombre geográfico como elemento de entrada Globalización
Subdivisión geográfica América del Norte
9 (RLIN) 165946
650 #7 - PUNTO DE ACCESO ADICIONAL DE MATERIA--TÉRMINO DE MATERIA
Término de materia o nombre geográfico como elemento de entrada Relaciones económicas internacionales
9 (RLIN) 36
651 #7 - PUNTO DE ACCESO ADICIONAL DE MATERIA--NOMBRE GEOGRÁFICO
Nombre geográfico América del Norte
Subdivisión general Condiciones económicas
Subdivisión cronológica Siglo XXI
9 (RLIN) 162391
651 #7 - PUNTO DE ACCESO ADICIONAL DE MATERIA--NOMBRE GEOGRÁFICO
Nombre geográfico América del Norte
Subdivisión general Política económica
Subdivisión cronológica Siglo XXI
9 (RLIN) 203849
700 1# - ENTRADA AGREGADA--NOMBRE PERSONAL
Nombre de persona Castro Gómez, Pilar
Término indicativo de función/relación traductor
9 (RLIN) 203850
710 2# - ENTRADA AGREGADA--NOMBRE DE ENTIDAD CORPORATIVA
Nombre de entidad corporativa o nombre de jurisdicción como elemento de entrada Universidad Autónoma de la Ciudad de México
Término indicativo de función/relación organismo emisor
9 (RLIN) 141754
900 ## - ELEMENTOS DE DATOS A LOCAL, LDA (RLIN)
Nombre de persona BERENICE
Numeración María Lourdes Chávez Lorenzo
Títulos y otros términos asociados al nombre 20240730
Lenguaje de la obra MOR01
900 ## - ELEMENTOS DE DATOS A LOCAL, LDA (RLIN)
Nombre de persona CLUNA
Numeración 30
Títulos y otros términos asociados al nombre 20240725
Lenguaje de la obra MOR01
900 ## - ELEMENTOS DE DATOS A LOCAL, LDA (RLIN)
Nombre de persona CLUNA
Numeración 30
Títulos y otros términos asociados al nombre 20240725
Lenguaje de la obra MOR01
900 ## - ELEMENTOS DE DATOS A LOCAL, LDA (RLIN)
Nombre de persona LUIS
Numeración 20
Títulos y otros términos asociados al nombre 20240717
Lenguaje de la obra MOR01
900 ## - ELEMENTOS DE DATOS A LOCAL, LDA (RLIN)
Nombre de persona LUIS
Numeración 20
Títulos y otros términos asociados al nombre 20240717
Lenguaje de la obra MOR01
900 ## - ELEMENTOS DE DATOS A LOCAL, LDA (RLIN)
Nombre de persona VOBO
Numeración 40
Títulos y otros términos asociados al nombre 20240807
Lenguaje de la obra MOR01
904 ## - ELEMENTOS DE DATOS D LOCAL, LDD (RLIN)
a UPDATE
942 ## - ELEMENTOS DE ENTRADA SECUNDARIOS (KOHA)
Código de la institución [OBSOLETO] BK
901 ## - ELEMENTOS DE DATOS A LOCAL LDA (RLIN)
a Cecilia Luna
Existencias
Estatus retirado Estado de pérdida Fuente del sistema de clasificación o colocación Estado de daño No para préstamo Colección Biblioteca de origen Biblioteca actual Ubicación en estantería Fecha de adquisición Fuente de adquisición Número de inventario Total de préstamos Signatura topográfica completa Código de barras Visto por última vez Precio de reemplazo Tipo de ítem Koha
    Clasificación Decimal Dewey     Libros (General) Biblioteca Instituto Mora Biblioteca Instituto Mora Regular 25/07/2024   139809   (G)/305.5 FAU.g 33006801143998 03/09/2024 03/09/2024 Libro préstamo regular
    Clasificación Decimal Dewey     Colección Dr. Carlos Marichal Biblioteca Nicolas Poussin Biblioteca Nicolas Poussin   30/05/2025 Donación 140451   G)/305.5 FAU.g 33006801144794 10/06/2025 10/06/2025 Libro préstamo regular